<?xml version="1.0" encoding="UTF-8"?>
<record
    xmlns:xsi="http://www.w3.org/2001/XMLSchema-instance"
    xsi:schemaLocation="http://www.loc.gov/MARC21/slim http://www.loc.gov/standards/marcxml/schema/MARC21slim.xsd"
    xmlns="http://www.loc.gov/MARC21/slim">

  <leader>01765nam a2200253 a 4500</leader>
  <controlfield tag="003">MX-MxUPN</controlfield>
  <controlfield tag="005">20241016063856.0</controlfield>
  <controlfield tag="008">241011s2024    mx o|||fr|||| 000 0 spa d</controlfield>
  <datafield tag="020" ind1=" " ind2=" ">
    <subfield code="a">9786074135282</subfield>
  </datafield>
  <datafield tag="040" ind1=" " ind2=" ">
    <subfield code="a">MX-MxUPN</subfield>
    <subfield code="b">spa</subfield>
    <subfield code="c">MX-MxUPN</subfield>
  </datafield>
  <datafield tag="041" ind1="0" ind2=" ">
    <subfield code="a">spa</subfield>
  </datafield>
  <datafield tag="050" ind1="1" ind2="4">
    <subfield code="a">HQ1075</subfield>
    <subfield code="b">R66 2024</subfield>
  </datafield>
  <datafield tag="245" ind1="0" ind2="0">
    <subfield code="a">Romper el molde :</subfield>
    <subfield code="b">desmontando estereotipos de g&#xE9;nero en la universidad desde la ASCL</subfield>
  </datafield>
  <datafield tag="250" ind1=" " ind2=" ">
    <subfield code="a">Primera edici&#xF3;n.</subfield>
  </datafield>
  <datafield tag="260" ind1=" " ind2=" ">
    <subfield code="a">Ciudad de M&#xE9;xico :</subfield>
    <subfield code="b">Universidad Pedag&#xF3;gica Nacional,</subfield>
    <subfield code="c">2024</subfield>
  </datafield>
  <datafield tag="300" ind1=" " ind2=" ">
    <subfield code="a">251 p&#xE1;ginas :</subfield>
    <subfield code="b">fotograf&#xED;as</subfield>
  </datafield>
  <datafield tag="505" ind1="0" ind2="0">
    <subfield code="t">La animaci&#xF3;n sociocultural de la lengua: una herramienta para deconstruir estereotipos de g&#xE9;nero /</subfield>
    <subfield code="r">Eduardo Santiago Ruiz --</subfield>
    <subfield code="t">Entender el g&#xE9;nero como una categor&#xED;a /</subfield>
    <subfield code="r">Adriana Guadalupe Ram&#xED;rez Camacho, Ricardo Garc&#xED;a Jaime --</subfield>
    <subfield code="t">Pasado y presente de la animaci&#xF3;n sociocultural de la lengua /</subfield>
    <subfield code="r">Linda Vanessa Correa Nava --</subfield>
    <subfield code="t">Escribir autobiograf&#xED;as /</subfield>
    <subfield code="r">Ang&#xE9;lica Jim&#xE9;nez Robles --</subfield>
    <subfield code="t">De romper el modelo y otras resonancias /</subfield>
    <subfield code="r">Mar&#xED;a Magdalena Due&#xF1;as Trejo --</subfield>
    <subfield code="t">G&#xE9;nero, trabajo y cuidados: una aproximaci&#xF3;n /</subfield>
    <subfield code="r">Adriana Guadalupe Ram&#xED;rez Camacho --</subfield>
    <subfield code="t">Lo que nadie ve: distribuci&#xF3;n sexual del trabajo /</subfield>
    <subfield code="r">Linda Vanessa Correa Nava --</subfield>
    <subfield code="t">La belleza color coraz&#xF3;n /</subfield>
    <subfield code="r">Luc&#xED;a Santiago Gonz&#xE1;lez --</subfield>
    <subfield code="t">&#xBF;Rosa caramelo o azul celeste? /</subfield>
    <subfield code="r">Rebeca S&#xE1;nchez Quintero --</subfield>
    <subfield code="t">Desarticulando estereotipos del amor /</subfield>
    <subfield code="r">Ricardo Garc&#xED;a Jaime --</subfield>
    <subfield code="t">El amor en tiempos de g&#xE9;nero /</subfield>
    <subfield code="r">Antonia Cruz L&#xF3;pez --</subfield>
    <subfield code="t">El amor es un milagro, lo s&#xE9; ahora /</subfield>
    <subfield code="r">Ang&#xE9;lica Jim&#xE9;nez Robles.</subfield>
  </datafield>
  <datafield tag="650" ind1=" " ind2="4">
    <subfield code="a">G&#xE9;nero</subfield>
    <subfield code="9">5712</subfield>
  </datafield>
  <datafield tag="650" ind1=" " ind2="4">
    <subfield code="a">Estereotipos sexuales</subfield>
    <subfield code="9">12813</subfield>
  </datafield>
  <datafield tag="650" ind1=" " ind2="4">
    <subfield code="a">Rol sexual</subfield>
    <subfield code="9">5307</subfield>
  </datafield>
  <datafield tag="700" ind1="1" ind2=" ">
    <subfield code="a">Jim&#xE9;nez Robles, Ang&#xE9;lica </subfield>
    <subfield code="9">49517</subfield>
    <subfield code="e">cordinaci&#xF3;n</subfield>
  </datafield>
  <datafield tag="902" ind1=" " ind2=" ">
    <subfield code="a">MarielOrtiz/111024</subfield>
    <subfield code="b">V&#xED;ctor Ruiz/151024</subfield>
  </datafield>
  <datafield tag="942" ind1=" " ind2=" ">
    <subfield code="2">lcc</subfield>
    <subfield code="c">LIBRO</subfield>
    <subfield code="n">0</subfield>
  </datafield>
  <datafield tag="952" ind1=" " ind2=" ">
    <subfield code="0">0</subfield>
    <subfield code="1">0</subfield>
    <subfield code="2">lcc</subfield>
    <subfield code="4">0</subfield>
    <subfield code="7">0</subfield>
    <subfield code="8">CG</subfield>
    <subfield code="a">BCUPN50</subfield>
    <subfield code="b">BCUPN50</subfield>
    <subfield code="c">CG</subfield>
    <subfield code="d">2024-10-11</subfield>
    <subfield code="o">HQ1075 R66 2024</subfield>
    <subfield code="p">340191</subfield>
    <subfield code="r">2024-10-11 00:00:00</subfield>
    <subfield code="t">Ej.2</subfield>
    <subfield code="w">2024-10-11</subfield>
    <subfield code="y">LIBRO</subfield>
  </datafield>
  <datafield tag="952" ind1=" " ind2=" ">
    <subfield code="0">0</subfield>
    <subfield code="1">0</subfield>
    <subfield code="2">lcc</subfield>
    <subfield code="4">0</subfield>
    <subfield code="7">22</subfield>
    <subfield code="8">UPN</subfield>
    <subfield code="a">BCUPN50</subfield>
    <subfield code="b">BCUPN50</subfield>
    <subfield code="c">SFRPA</subfield>
    <subfield code="d">2024-10-11</subfield>
    <subfield code="o">HQ1075 R66 2024</subfield>
    <subfield code="p">340190</subfield>
    <subfield code="r">2024-10-11 00:00:00</subfield>
    <subfield code="w">2024-10-11</subfield>
    <subfield code="y">LIBRO</subfield>
  </datafield>
  <datafield tag="999" ind1=" " ind2=" ">
    <subfield code="c">211829</subfield>
    <subfield code="d">211829</subfield>
  </datafield>
</record>
